Education in India : (Record no. 152509)

MARC details
000 -LEADER
fixed length control field 00730nam a22002417a 4500
003 - CONTROL NUMBER IDENTIFIER
control field dpl
005 - DATE AND TIME OF LATEST TRANSACTION
control field 20180602134225.0
008 - FIXED-LENGTH DATA ELEMENTS--GENERAL INFORMATION
fixed length control field 180602b xxu||||| |||| 00| 0 eng d
010 ## - LIBRARY OF CONGRESS CONTROL NUMBER
LC control number A-996330
020 ## - INTERNATIONAL STANDARD BOOK NUMBER
International Standard Book Number 8176460816
Terms of availability 0.00
035 ## - SYSTEM CONTROL NUMBER
System control number A-996360
037 ## - SOURCE OF ACQUISITION
Source of stock number/acquisition BPPD/PUB
040 ## - CATALOGING SOURCE
Transcribing agency 0
082 ## - DEWEY DECIMAL CLASSIFICATION NUMBER
Classification number 370.954
100 ## - MAIN ENTRY--PERSONAL NAME
Personal name Atma Ram
245 ## - TITLE STATEMENT
Title Education in India :
Statement of responsibility, etc by Atma Ram
Remainder of title reforming the system/
260 ## - PUBLICATION, DISTRIBUTION, ETC. (IMPRINT)
Place of publication, distribution, etc New Delhi
Name of publisher, distributor, etc B.R Publishing Corporation
Date of publication, distribution, etc 1999
270 ## - ADDRESS
Address 3779, Ist floor Kanhaiya Nagar
City New Delhi
State or province Delhi
Postal code 110035
300 ## - PHYSICAL DESCRIPTION
Extent vii, 137p.
Dimensions 21 cm (Hb)
500 ## - GENERAL NOTE
General note Includes index
650 ## - SUBJECT ADDED ENTRY--TOPICAL TERM
Topical term or geographic name as entry element Education
General subdivision history
Geographic subdivision India
942 ## - ADDED ENTRY ELEMENTS (KOHA)
Institution code [OBSOLETE] dpl
Koha item type English Books
Call number prefix 370.954 / ATM
Source of classification or shelving scheme Dewey Decimal Classification
Classification part 370.954
Call number suffix ATM
Holdings
Withdrawn status Lost status Source of classification or shelving scheme Damaged status Not for loan Collection code Home library Current library Date acquired Source of acquisition Cost, normal purchase price Total Checkouts Total Renewals Full call number Barcode Date last seen Date checked out Cost, replacement price Price effective from Koha item type
    Dewey Decimal Classification     Non-fiction Shahdara Branch Shahdara Branch 02/06/2018 BPPD/PUB 0.00 2 2 370.954 ATM A-996360 03/12/2018 03/10/2018 0.00 02/06/2018 English Books

© Delhi Public Library
Hit Counter
free hit counter